[Event "CZE-ch I/177 corr"]
[Site "Czechia"]
[Date "2004.??.??"]
[Round "?"]
[White "Svoboda, Josef"]
[Black "Bernard, Roman"]
[Result "0-1"]
[WhiteElo "1835"]
[BlackElo "1800"]
[PlyCount "78"]
[EventDate "2003.07.20"]
[EventType "tourn (corr)"]
[EventRounds "12"]
[EventCountry "CZE"]
[SourceTitle "Corr 2006"]
[Source "ChessBase"]
[SourceDate "2006.04.01"]
[SourceVersion "3"]
[SourceVersionDate "2006.04.01"]
[SourceQuality "1"]

1. e4 e5 2. Nf3 d6 3. d4 Nf6 4. Nc3 exd4 5. Nxd4 Be7 6. Be2 0-0 7. 0-0 Re8 8. f4 Bf8 9. Bf3 c6 10. Re1 Nbd7 11. Be3 Nc5 12. Bf2 a5 13. a4 Rb8 14. Bh4 Be7 15. Bg3 Qb6 16. b3 Ne6 17. Bf2 Qd8 18. Bg3 Nxd4 19. Qxd4 Bg4 20. Bxg4 Nxg4 21. h3 Bf6 22. Qd2 Qb6+ 23. Kf1 Qd4 24. Qe2 Qxc3 25. Qxg4 h5 26. Qf3 Qxf3+ 27. gxf3 Bxa1 28. Rxa1 d5 29. f5 Rbd8 30. Re1 dxe4 31. fxe4 Rd2 32. Re2 Rxe2 33. Kxe2 Rxe4+ 34. Kf3 Re7 35. c3 Rd7 36. Ke4 Rd1 37. h4 Rb1 38. Bc7 Rxb3 39. Bxa5 b6 0-1

[Event "CZE-ch I/177 corr"]
[Site "Czechia"]
[Date "2003.??.??"]
[Round "?"]
[White "Bernard, Roman"]
[Black "Marhan, Jan"]
[Result "1-0"]
[WhiteElo "1800"]
[BlackElo "1800"]
[PlyCount "45"]
[EventDate "2003.07.20"]
[EventType "tourn (corr)"]
[EventRounds "12"]
[EventCountry "CZE"]
[SourceTitle "Corr 2006"]
[Source "ChessBase"]
[SourceDate "2006.04.01"]
[SourceVersion "3"]
[SourceVersionDate "2006.04.01"]
[SourceQuality "1"]

1. e4 c5 2. Nf3 e6 3. Nc3 d6 4. d4 cxd4 5. Nxd4 a6 6. Bd3 Qc7 7. Rb1 Nf6 8. 0-0 Be7 9. Qf3 0-0 10. Qg3 Nc6 11. Nxc6 bxc6 12. Bh6 Ne8 13. Be3 Bf6 14. f4 Bxc3 15. bxc3 Rb8 16. Rb3 Rxb3 17. axb3 c5 18. f5 e5 19. Qh4 Kh8 20. Rf3 Nf6 21. Rg3 Ng8 22. Rxg7 Kxg7 23. Qg5+ 1-0